Statistics for Sonic vs Mario at the Olympic Games Characters

Click here to take the quiz!

General Stats

  • This quiz has been taken 1,513 times
    (567 since last reset)
  • The average score is 24 of 35

Answer Stats

Hint Answer % Correct
Blue hedgehogSonic the Hedgehog
100%
Mario, main villainBowser
95%
Mario, his brotherLuigi
95%
Mushroom Kingdom PlumberMario
94%
Mario, Mushroom Kingdom's princessPeach
94%
Sonic, foxMiles "Tails" Prower
93%
Mario, green dinosaurYoshi
92%
Mario, apeDK
91%
Mario, Peach's cousinDaisy
91%
Mario, yellow plumberWario
91%
Mario, Bowser's sonBowser Jr
90%
Sonic, black hedgehogShadow the Hedgehog
90%
Mario, purple plumberWaluigi
90%
Sonic, archnemeisisDr Eggman
88%
Sonic, echinaKnuckles the Echidna
87%
Sonic, pink hedgehogAmy Rose
85%
Nephew of the leader of the DK crewDiddy Kong
80%
Wii AvatarMii
80%
Sonic, cyborgMetal Sonic
77%
Sonic, crocodileVector the Crocodile
73%
One of many helpers for the PrincessToad
73%
Sonic, time travelerSilver the Hedgehog
71%
Sonic, catBlaze the Cat
69%
Bowser's skeletal formDry Bowser
64%
Protector of LumasRosalina
59%
Female koopalingWendy Koopa
41%
Ninja of the ChaotixEspio the Chameleon
36%
Spy for G.U.NRouge the Bat
34%
Leader of the Babylonian RoguesJet the Hawk
33%
Male koopalingLarry Koppa
30%
Sonic Boom exclusive characterSticks the Badgers
29%
Tech expert of the BabyloniansWave the Swallow
22%
Crazed member of the Deadly SixZazz the Zeti
16%
Leader of the Deadly SixZavok the Zeti
16%
Researcher from Secret IslandNabbit
5%

Score Distribution

Percentile by Number Answered

Percent of People with Each Score

Your Score History

You have not taken this quiz since the last reset